000 00574nam a22001817a 4500
005 20251108172727.0
008 250721s2001 xx 000 0 ara d
082 1 4 _a335.4/كيل
100 1 _aكيلة، سلامة
_eمؤلف
245 1 0 _aالمادية والمثالية في الماركسية مناقشة لفكر ملتبس /
264 1 _aدمشق :
_bدار الينابيع،
_c2001.
300 _a180ص
650 1 7 _aالماركسية
650 1 7 _aالإقتصاد
650 1 7 _aالمذاهب الإقتصادية
942 _2ddc
_cBK
999 _c86976
_d86976